Juan Uslé (Record no. 82)

MARC details
000 - LÍDER
campo de control de longitud fija 00803nam a2200181Ia 4500
008 - ELEMENTOS DE DATOS DE LONGITUD FIJA - INFORMACIÓN GENERAL
campo de control de longitud fija 0000002004 sp a 0000000000spa00
090 ## - NÚMERO DE LLAMADA DE TIPO LC LOCALMENTE ASIGNADO (OCLC)
Número de clasificación (OCLC) (R) PSP00 S64j
100 1# - ENTRADA PRINCIPAL - NOMBRE PERSONAL
Nombre de la persona Solana, Guillermo
245 10 - TÍTULO DECLARACIÓN
Título Juan Uslé
Resto del título : coágulo y trama
Declaración de responsabilidad / texto Guillermo Solana ; fotografías Bill Orcutt, Christopher Burke ; traducción Lorraine Kerslake
260 ## - PUBLICACIÓN, DISTRIBUCIÓN
Lugar de publicación Madrid : Galería Soledad Lorenzo
Fecha de publicación 2004
300 ## - DESCRIPCIÓN FÍSICA
Alcance 37 p.
Dimensiones / 27 cm.
500 ## - NOTA GENERAL
Nota general Exposición realizada en la Galería San Lorenzo, Madrid, del 24 de Junio al 24 de Julio 2004 \ Con el patronazgo del maestro venezolano Jesús Rafael Soto (q.e.p.d.)
600 00 - ENTRADA DE SUJETO AÑADIDO - NOMBRE PERSONAL
Nombre de la persona USLE, JUAN, 1954/
Subdivisión general TRABAJOS PICTORICOS
650 14 - ENTRADA DE SUJETO AÑADIDO - TÉRMINO TÓPICO
Término tópico o elemento de entrada del nombre geográfico PINTURA ESPAÑOLA
650 14 - ENTRADA DE SUJETO AÑADIDO - TÉRMINO TÓPICO
Subdivisión general CATALOGOS
650 14 - ENTRADA DE SUJETO AÑADIDO - TÉRMINO TÓPICO
Término tópico o elemento de entrada del nombre geográfico PINTORES ESPAÑOLES
650 14 - ENTRADA DE SUJETO AÑADIDO - TÉRMINO TÓPICO
Término tópico o elemento de entrada del nombre geográfico PINTURA MODERNA ESPAÑOLA
Holdings
Estado de retirada Pérdida de estatus Estado dañado No para préstamo Código de recogida Ubicación permanente Ubicación actual Ubicación de las estanterías Fecha de adquisición Número de llamada completo Código de barras Fecha de la última vez que se vio Número de copia Precio efectivo desde Tipo de artículo Koha
        General ArtNexus ArtNexus General 06/09/2022 P-SP-00 S64J 82 06/09/2022 Ej.1 06/09/2022 Libro

Powered by Koha